Statistiques concernant QCM Ultime sur tous les Pokémon 1G

Cliquez ici pour prendre le quiz!

Statistiques générales

  • Ce quiz a été pris 304 fois
  • Le résultat moyen est 83 sur 151

Statistiques - réponses

QuestionRéponse% Correct
004: Salamèche. Selon le Pokédex, qu'arrive-t-il à Salamèche lorsque la flamme de sa queue s'éteint?Il meurt
93%
007: Carapuce. Quel est le nom anglais de ce Pokémon?Squirtle
90%
017: Roucoups.Quelle capacité, parmi les suivantes, est super efficace sur ce Pokémon?Fatal-Foudre
79%
010: Chenipan. Quelle était la seule zone où l'on pouvait le capturer dans la Version JauneForêt de Jade
79%
023: Abo. Quel est son type?Poison
78%
053: Persian. Quel boss d'une team ennemie est représenté avec un Persian?Giovanni
76%
040: Nommez l'évolution du Pokémon précédent.Grodoudou
76%
052: Miaouss. Quelle est la particularité du Miaouss de la Team Rocket dans l'animé?Il parle le langage humain
76%
100: Voltorbe. A quoi ressemble ce Pokémon?A une Poké-Ball
74%
149: Dracolosse. Quel est le type de Dracolosse?Dragon/Vol
74%
062: Tartard. Quel est le type de ce Pokémon?Eau/Combat
74%
143: Ronflex. Comment pouvait-on obtenir Ronflex à Kanto?En le réveillant grâce à la Pokéflûte
74%
035: Mélofée.Quelle pierre permet à Mélofée d'évoluer?Pierre Lune
74%
133: Evoli. Quelle Pierre évolutive n'est pas utilisable sur Evoli?Pierre Lune
74%
026: Raichu.Quel type s'ajoute au type Electrik chez la forme d'Alola de Raichu?Psy
74%
108: Excelangue. De quelle couleur est-il?Rose
74%
130: Léviator. De quelle couleur est le Léviator Chromatique?Rouge
74%
144: Artikodin. Quel est son type?Glace/Vol
73%
013: Aspicot. Quel est son type?Insecte/Poison
73%
044: Ortide. Ortide est le seul Pokémon à avoir deux évolutions différentes qu'il atteint avec deux pierres évolutives différentes. Quelles sont les pierres en question?Pierre Plante et Pierre Soleil
73%
063: Abra. Ce Pokémon ne peut apprendre qu'une seule capacité naturellement. Quelle est cette capacité?Téléport
73%
039: Rondoudou.Avec quoi le Rondoudou de l'animé se venge-t-il des personnes qui se sont endormies pendant sa chanson?Un feutre noir
73%
072: Tentacool. Quel est le type de ce Pokémon?Eau/Poison
72%
138: Amonita. A partir de quel Fossile peut-on l'obtenir?Fossile Nautile
72%
024: Arbok. Dans l'animé, quel membre de la Team Rocket avait un Arbok dans son équipe?Jessie
72%
150: Mewtwo. Où le trouvait-on dans Pokémon Rouge, Bleu et Jaune?Caverne Azurée
71%
084: Doduo. Sur l'apparence de Doduo... (choisissez la meilleure proposition)Il n'a pas d'aile
71%
110: Smogogo. Quel dresseur a un Smogogo dans l'Animé?James
71%
125: Elektek. Où le trouvait-on dans Pokémon Rouge?La Centrale
71%
032: Nidoran♂. Quel est la principale différence de ce Pokémon comparé à Nidoran♀?Sa couleur: il est mauve alors que Nidoran♀ est bleu
71%
058:Caninos. Comment Caninos évolue-t-il?Avec une Pierre Feu
70%
121: Staross. Quel est son type?Eau/Psy
70%
142: Quel Pokémon trouve-t-on à cette place dans le Pokédex?Ptéra
70%
095: Onix. Quel est le type de ce Pokémon?Roche/Sol
70%
104: Osselait. Quel est le type de ce Pokémon?Sol
70%
030: Nidorina. A quel niveau Nidorina évolue-t-elle en Nidoqueen?Elle n'évolue pas par niveau
69%
071: Empiflor. Pour évoluer en Empiflor, Boustiflor a besoin d'un objet. Lequel?Pierre Plante
69%
099: Krabboss. Quelle proposition est fausse concernant Krabboss?Il est de type Eau et Ténèbres
68%
064: Kadabra. Quelle proposition est vraie concernant ce PokémonIl évolue par échange
68%
103: Noadkoko. Quel est le type de Noadkoko et de Noadkoko d'Alola?Plante/Psy (Classique) et Plante/Dragon (Alola)
68%
008: Carabaffe.Quelle capacité ne peut-il pas apprendre par montée de niveau?Toxik
68%
002: Herbizarre. A quel niveau Bulbizarre évolue-t-il en Herbizarre?16
67%
051: Triopikeur. Quel type vient s'ajouter au type sol pour la forme d'Alola de Triopikeur?Acier
67%
083: Quel est le Pokémon qui occupe cette place dans le Pokédex?Canarticho
67%
074: Racaillou. Quelle proposition est vraie concernant Racaillou?Il est le premier Pokémon à être envoyé au combat lors du premier combat contre un champion d'arène de la franchise
67%
137: Porygon. Porygon n'a fait qu'une seule apparition dans l'animé et est tristement célèbre. Pourquoi?L'épisode fut censuré suite à des crises d'épillepsie s'étant déclarées suite à la vision de cet épisode
67%
029: Nidoran♀. Lequel de ces talents est attribuable à ce Pokémon?Point Poison
67%
042: Nosféralto. Lors de quelle génération est apparue son évolution?2G
66%
006: Dracaufeu. Quelle affirmation est vraie le concernant?Il apprend Boutefeu naturellement (par niveau)
66%
014: Coconfort. Quel est le talent de ce PokémonMue
66%
048: Mimitoss. Quel type n'est pas une faiblesse de Mimitoss?Plante
66%
089: Grotadmorv. Quel est le type de sa forme d'Alola?Poison/Ténèbres
66%
105: Ossatueur. Comment était l'Ossatueur que rencontra Red pour la première fois à Lavanville?Sous forme de fantôme
66%
124: Lippoutou. Quel membre su Conseil 4 possède un Lippoutou?Olga
65%
126: Magmar. Quelle proposition est correcte le concernant?Pré-évolution en 2G, évolution en 4G
65%
134: Aquali. Quel est son Talent?Absorb Eau
64%
120: Stari. Comment évolue-t-il?Avec une Pierre Eau
64%
081: Magnéti. Quelle proposition est juste concernant ce Pokémon?En 1G, le type Acier n'existant pas, il était de type Electrik pur
64%
112: Rhinoféros. Quelle proposition est vraie le concernant?Il est le premier Pokémon à avoir été imaginé par les créateurs du jeu
64%
015: Dardargnan.Quelle proposition est vraie concernant ce Pokémon.Il possède une Méga-évolution beaucoup plus rapide que la "forme normale"
64%
045: Rafflésia. Quel type résiste au deux STAB de Rafflésia? (NB:STAB: Same Type Attack Bonus: Bonus de 1,5X la puissance de la capacité utilisée si celle-ci est de même type que le Pokémon.)Acier
63%
129: Magicarpe. Outre Trempette et Charge, quelle attaque peut apprendre Magicarpe par niveau?Fléau
63%
075: Gravalanch. Comment évolue Granvalanch?Par échange
63%
037: Goupix. Quel personnage de l'animé a possédé pendant un temps un Goupix?Pierre
63%
098: Krabby. Quelle capacité était signature de Krabby et son évolution?Pince-Masse
63%
028: Sablaireau. Quel est son nom anglais?Sandslash
63%
011: Chrysacier. Dans l'animé, le Chrysacier prend part à un combat devenu "légendaire" dans l'épisode 4. Quel Pokémon a-t-il en face?Un autre Chrysacier
63%
079: Ramoloss. Quel est le type de ce Pokémon?Eau/Psy
62%
140: Kabuto. A partir de quel Fossile peut-on l'obtenir?Fossile Dôme
62%
151: Mew. Toutes les Statistiques de Mew sont fixées à... (complétez)100
61%
082: Magnéton. Lors de quelle génération Magnéton a-t-il pu évoluer?4G
61%
059: Arcanin. Pourquoi ce Pokémon est (ou était) considéré par de nombreux fans comme un Pokémon Légendaire alors qu'il n'en était pas un?A cause de la description du Pokédex
61%
054: Psykokwak. Quel est le type de ce Pokémon?Eau
61%
102: Noeunoeuf. Quelle proposition est correcte concernant ce Pokémon?Il évolue grâce à une Pierre Plante
61%
020: Rattatac. La forme d'Alola de Rattatac est différente de la forme classique sur tous les points suivant, sauf un, parmi les propositions suivantes. Laquelle?Le niveau d'évolution
61%
114: Saquedeneu. Quel est le type de ce Pokémon?Plante
61%
061: Têtarte. Quelle proposition est fausse concernant ce Pokémon?Il a deux évolutions, toutes deux obtenables par échanges
60%
115: Kangourex. Quel est le talent de Méga-Kangourex?Amour Filial
59%
122: M.Mime. Quel est son type?Psy/Fée
59%
027: Sabelette.Quelle proposition est fausse concernant Sabelette?Sa statistique de Vitesse est son point fort
59%
033: Nidorino. Quelle statistique est plus haute chez Nidorino par rapport à Nidorina?Son Attaque
59%
036: Mélodelfe. Quelle proposition est vraie concernat Mélodelfe?Son type est le type Fée depuis la 6G
59%
116: Hypotrempe. Quel est le nom anglais de ce Pokémon?Horsea
58%
046: Paras. Quel est le type de Paras?Insecte/Plante
58%
106: Kicklee. Dans quelle ville pouvait-on l'obtenir dans Rouge et Bleu?Safrania
58%
131: Lokhlass. Où recevait-on un Lokhlass dans le jeu?A la Sylphe SARL
57%
055: Akwakwak. Comment est-il appelé dans les versions anglophones?Golduck
57%
092: Fantominus. Dans quel zone pouvait-on le capturer dans Pokémon Rouge et Bleu?Tour Pokémon
57%
127: Scarabrute. Quel type gagne Scarabrute en Méga-évoluant?Vol
56%
003: Florizarre. Quel est le talent de sa Méga-Evolution?Isograisse
54%
093: Spectrum. Quel est le talent de ce Pokémon?Lévitation
54%
148: Draco. A quel niveau évolue-t-il en Dracolosse?55
53%
038: Feunard. Les Feunard sont... (choisissez la bonne réponse)En majorité femelles (= 75%)
53%
090: Kokiyas. Quel est le type de ce Pokémon?Eau
52%
005: Reptincel. Concernant Reptincel, qu'elle attaque peut-il apprendre par montée de niveau AVANT d'évoluer (avant son niveau d'évolution)?Draco-Rage
51%
078: Galopa. Quel dresseur n'utilise pas un Galopa?Adriane
50%
080: Flagadoss. Quelle proposition est fausse concernant Flagadoss?Il ne possède pas de Méga-évolution
50%
113: Quel Pokémon est le n°113?Leveinard
50%
123: Quel Pokémon se retrouve à cette place dans le Pokédex?Insécateur
49%
111: Rhinocorne. Où pouvait-on le capturer dans Pokémon Rouge et Bleu?Parc Safari
48%
016: Roucool. A quel niveau évolue-t-il?18
47%
050: Taupiqueur. A Kanto, le lieu où se trouvent les Taupiqueur se nomme "....... Taupiqueur". (Complétez le pointillés)Cave
47%
012: Papilusion. Quelle proposition est fausse le concernant?Il possède au minimum une statistique d'une valeur supérieure à 100
47%
094: Ectoplasma. Quel est le talent de ce Pokémon?Corps Maudit
46%
086: Otaria. Quel est le type d'Otaria?Eau
45%
107: Tygnon. Débugant évolue en Tygnon s'il est niveau 20 et... (complétez)Si son Attaque < Défense
45%
141: Kabutops. A quel niveau Kabuto évolue-t-il en Kabutops?40
44%
146: Sulfura. Quel est le talent caché de ce Pokémon?Corps Ardent
44%
025: Pikachu. Quelle capacité, parmi les suivantes, ne peuvent pas être apprise par Pikachu, tout jeu confondus?Poing-Glace
44%
018: Roucarnage. Lequel de ces dresseurs n'a jamais eu de Roucarnage dans l'une de ces équipes?Red (Or/Argent/Crystal et HGSS)
44%
001: Bulbizarre. Quelle affirmation est fausse concernant ce Pokémon?Il est le seul starter de type Plante qui possède un double type dans sa forme initiale
43%
128: Quel est le Pokémon à cette place?Tauros
43%
070: Boustiflor. Quel est le talent (non caché) de ce Pokémon?Chlorophylle
42%
119: Poissoroy. Quel talent qui donne une immunité à un type peut être attribué à Poissoroy?Paratonnerre
42%
139: Amonistar. A quel niveau Amonita évolue-t-il en Amonistar?40
41%
085: Dodrio. Combien de statistiques de Dodrio dépassent les 100 de base puissance?2
40%
077: Ponyta. A quel niveau évolue-t-il?40
40%
091: Crustabri. Quel talent n'appartient pas à Crustabri?Cuvette
40%
087: Lamantine.Quel talent parmi les suivants peut-on attribuer à Lamantine?Isograisse
37%
068: Mackogneur. Mackogneur (ainsi que sa famille d'évolution) était le seul à apprendre naturellement... (complétez)La capacité Sacrifice
37%
031: Nidoqueen. Quel est le talent caché de Nidoqueen?Sans Limite
37%
147: Minidraco. Où pouvait-on le capturer dans Pokémon Rouge et Bleu?Parc Safari
36%
067: Machopeur. Quelle capacité parmi les suivantes ne peut-il pas apprendre?Punition
35%
043: Mystherbe. Quel est son niveau d'évolution en Ortide?21
34%
060: Ptitard. A quel niveau évolue-t-il?25
33%
019: Rattata. Parmi ces talents, lequel n'est pas attribuable à RattataRamassage
33%
088: Tadmorv. En première génération, ce Pokémon et son évolution étaient les seul Pokémon de type Poison à apprendre... (Choisissez la bonne réponse)Acidarmure
32%
034: Nidoking. Quelle proposition est vraie concernant ce Pokémon?Il est capable de produire des oeufs alors que Nidoqueen en est incapable
32%
118: Poissirène. De quelle couleur est-il selon le Pokédex?Rouge
31%
136: Pyroli. Les Pyrolis sont...Majoritairement Mâles
30%
069: Chétiflor. Dans quel jeu ne peut-on pas l'attraper?Pokémon Rouge
30%
145: Electhor. Quel est le talent caché d'Electhor?Statik
30%
049: Aéromite. A quel niveau Mimitoss évolue-t-il en Aéromite?31
29%
041: Nosférapti. Quelle proposition est vraie concernant ce Pokémon?En 1G, c'est un Pokémon Poison qui n'apprend aucune capacité offensive de type Poison
29%
076: Grolem. Quel talent n'est pas attribuable à Grolem?Force Sable
29%
021: Piafabec.Quelle est la famille de ce Pokémon dans le Pokédex?Minoiseau
28%
066: Machoc. Dans Pokémon Rouge et Bleu, outre la Grotte, où pouvait-on attraper un Machoc?Route Victoire
28%
101: Electrode. Quel talent est attribuable à ce Pokémon?Anti-Bruit
27%
009: Tortank. Quelle est sa meilleure statistique (en forme non Méga-évoluée)?Défense Spéciale
27%
047: Parasect. Lequel des talents suivants n'est pas attribuable à Parasect?Point Poison
26%
065: Alakazam. Concernant Méga-Alakazam, quel est sont talent?Calque
24%
135: Voltali. Quelle est la famille de ce Pokémon?Orage
24%
022: Rapasdepic. Laquelle des ces capacités de type Vol Rapasdepic ne peut pas apprendre?Rapace
24%
073: Tentacruel. Quelle famille de Pokémon correspond à Tentacruel?Mollusque
23%
132: Métamorph. Toutes les stats de Métamorph sont égales. Quelle est leur valeur?48
20%
056: Férosinge. Dans quel jeu Pokémon est il impossible de l'avoir par capture?Pokémon Bleu
20%
109: Smogo. A quel niveau évolue-t-il en Smogogo?35
19%
096: Soporifik. A quel niveau évolue ce Pokémon?26
18%
097: Hypnomade. Où pouvait-on le capturer dans Pokémon Rouge et Bleu?Caverne Azurée
18%
057: Colossinge.Quelle capacité de type combat ne peut-il pas apprendre?Surpuissance
16%
117: Hypocéan. Quel talent n'est pas attribuable à Hypocéan?Glissade
10%

Distribution des résultats

Percentile par nombre de réponses

% des personnes avec chaque résultat

Votre développement - résultats

Vous n’avez pas pris ce quiz